00692nam a2200157Ia 4500008004100000020002200041100001700063245006200080250001300142260010400155300004200259500004700301650004300348999001900391952012400410190925s9999 xx 000 0 und d a978-0-19-966864-9 aBryman, Alan cAlan Bryman and Emma Bell.--aBusiness research methods / a4th ed.  aCambridge, United Kingdom ; New York, NY, United States of America :bOxford University Pressc2015 a720 pages :bcolored texts and graphs aIncludes glossary, references, and index.  a Business -- Research -- Methodology. c362214d362214 00102lcc40aSFUbSFUcSFUd2019-09-25eDONATIONl0oHD 30.4. B916. 2015pSFU0103r2019-09-25 00:00:00w2019-09-25yBK